000 00833nam a2200253Ia 4500
003 OSt
005 20221005112721.0
006 a|||||r|||| 00| 0
007 ta
008 221004b |||||||| |||| 00| 0 pan d
020 _a8182990688 (hbk)
024 _a15241
037 _bGift, 19/01/2015,
_cTextual
040 _aCRL
_cCRL
_bpan
041 _2pan
_apan
082 _aO153,1x, P5
100 _aਅਰFੀ, ਗੁਰਚਰਨ ਸਿੰਘ, ਥਦ.
_9159513
245 0 _aਕਾਵਿ ਲੋਕ
260 _aਦਿੱਲੀ
_bਆਰਸੀ ਪਬਲਿFਰਗ਼ ਭਾਰਤ
_c2005
300 _a112ਪੰ
_ccm.
650 _aਪੰਜਾਬੀ ਸਾਹਿਤ
942 _hO153,1x, P5
_cTEXL
_2cc
999 _c1025756
_d1025756